000 00400pab a2200169 454500
008 180718b2013 xxu||||| |||| 00| 0 eng d
100 _aPati, Atanu Kumar
245 _aRoadmap to achieve excellence
260 _c2013
300 _ap.68-71.
362 _a2 Dec
650 _aHigher education
700 _aGupta, Ashwini Kumar
773 _aUniversity News
908 _aN
909 _a103330
999 _c103326
_d103326